Sidrauski model with endogenous labor

Guardado en:
Detalles Bibliográficos
Autor principal: Szomolányi, Karol, 1976-
Otros Autores: Lukáčik, Martin, 1974-, Lukáčiková, Adriana, 1971-
Formato: Capítulo de libro
Lenguaje:inglés
Materias:
Etiquetas: Agregar Etiqueta
Sin Etiquetas, Sea el primero en etiquetar este registro!

MARC

LEADER 00000naa$a2200000$$$4500
001 0050278
005 20240711093021.3
041 0 |a eng 
044 |a SK 
245 1 0 |a Sidrauski model with endogenous labor 
610 2 0 |a modely 
610 2 0 |a práca 
610 2 0 |a peniaze 
100 1 |a Szomolányi, Karol, 1976- 
700 1 |a Lukáčik, Martin, 1974- 
700 1 |a Lukáčiková, Adriana, 1971-